The economic theory of insurance and social security.

Saved in:
Bibliographic Details
Main Author: Niwata, Noriaki, 1927-
Format: Book
Language:English
Published: Tokyo, Society of Business and Commerce, Keio University, 1971.
Series:Keio monographs of business and commerce ; 3
Subjects:
LEADER 00932nam a2200253 4500
001 c000039938
003 CARM
005 00000000000000.0
008 720727s1971 ja b 00000 eng
015 |a Ja*** 
019 1 |a 615179  |5 LACONCORD2021 
035 |a (OCoLC)514970  |5 LACONCORD2021 
050 0 0 |a HD7091  |b .N65 
100 1 |a Niwata, Noriaki,  |d 1927- 
245 1 4 |a The economic theory of insurance and social security. 
260 |a Tokyo,  |b Society of Business and Commerce, Keio University,  |c 1971. 
300 |a 124 p.  |c 22 cm. 
440 0 |a Keio monographs of business and commerce ;  |v 3 
504 |a Includes bibliographical references. 
650 0 |a Social security. 
852 8 |b CARM  |h A2:AG01B0  |i B01866  |p 0080592  |f BK 
082 0 4 |a 368.4 
999 f f |i cd9984b0-83bf-5df5-a457-1f692fa967ac  |s 743167d9-ba7b-5b39-b781-e6fce5e36c68 
952 f f |p Can circulate  |a CAVAL  |b CAVAL  |c CAVAL  |d CARM 1 Store  |e B01866  |f A2:AG01B0  |h Other scheme  |i book  |m 0080592